000 00554nam a22001817a 4500
005 20251108172507.0
008 250721s2000 xx 000 0 ara d
082 1 4 _a616.6عبد
100 1 _aعبدالله، حسن عبدالعال
245 1 0 _aعلاج عقم الرجال /
264 1 _aالقاهرة :
_bمؤسسة دار الشعب للصحافة،
_c2000.
300 _a88ص.
650 1 7 _aالعقم
650 1 7 _aعقم الذكور
650 1 7 _aالأمراض التناسلية الذكرية
942 _2ddc
_cBK
999 _c80748
_d80748